000 00469nam a2200217Ia 4500
001 13797
003 GE_BSU
008 181216s||||||||xx |||||||||||||| ||und||
020 _a9780230744295
040 _cGE_BSU
080 _a159.9
100 _aWiseman, Richard
245 _a59 Seconds.
245 _bThink a Little, Change a Lot
260 _aLondon
260 _bMamillan
260 _c2009
300 _a355p.21cm.
653 _a59 Seconds.
942 _cBK
999 _c46944
_d46944